000 00243nam a22000857a 4500
008 160711b xxu||||| |||| 00| 0 eng d
100 _92557
_a Reader's Digest
245 _aReader's Digest Condensed Books
260 _aNew York
_b Reader's Digest
_c1995
999 _c2223
_d2223